Ngữ liệu văn học dân gian trong dạy học tiếng Việt
Saved in:
| Main Author: | |
|---|---|
| Format: | Book |
| Published: |
Hà Nội
Đại học sư phạm
2007
|
| Edition: | In lần thứ 2 |
| Subjects: | |
| Tags: |
Add Tag
No Tags, Be the first to tag this record!
|
| Institutions: | Trung tâm Học liệu Lê Vũ Hùng, Trường Đại học Đồng Tháp |
|---|
| LEADER | 00860pam a22002538a 4500 | ||
|---|---|---|---|
| 001 | 00043581 | ||
| 005 | 20190219090256.0 | ||
| 008 | 170517s2015 ||||||Viesd | ||
| 020 | # | # | |c 19000 |
| 041 | 0 | # | |a Vie |
| 082 | 1 | 4 | |a 495.922 |b NG550L |
| 100 | 1 | # | |a Nguyễn, Văn Tứ |
| 245 | 1 | 0 | |c Nguyễn Văn Tứ |a Ngữ liệu văn học dân gian trong dạy học tiếng Việt |
| 250 | # | # | |a In lần thứ 2 |
| 260 | # | # | |b Đại học sư phạm |a Hà Nội |c 2007 |
| 300 | # | # | |a 253 tr. |c 29 cm |
| 653 | # | # | |a Dạy Học |
| 653 | # | # | |a Ngữ Liệu |
| 653 | # | # | |a Tiếng Việt |
| 653 | # | # | |a Việt Nam |
| 653 | # | # | |a Văn Học dân gian |
| 852 | # | # | |j KD.0025913 |j KM.0026841 |j KM.0026842 |j KM.0026843 |j KM.0026844 |
| 910 | # | # | |d 19/2/2019 |
| 980 | # | # | |a Trung tâm Học liệu Lê Vũ Hùng, Trường Đại học Đồng Tháp |